Основи на неутронната физика и физика на ядрените реактори (Запис номер 59366)
[ съкратено ]
| 000 -Лидер | |
|---|---|
| Контролно поле с фиксирана дължина | nam a22 a 4500 |
| 003 - Код на организацията, давaща контролен номер | |
| Контролно поле | BLK |
| 005 - Дата и час на последна редакция | |
| Контролно поле | 20220818134757.0 |
| 008 - Елементи от данни с фиксирана дължина | |
| fixed length control field | 180408b bul|||||r ||||||| ||bul|| |
| 010 ## - Наследен системен номер | |
| LC control number | KNG00063458000 |
| 040 ## - Източник на каталожния запис | |
| Идентификатор на билиотеката - собственик на записа | BLK |
| 041 ## - Код за език | |
| Код за езика на текст/звукозапис или на отделно заглавие | Български |
| Код за езика КДБФ | Български |
| 080 ## - УДК | |
| Текстов определител УДК | Строеж на материята |
| УДК код - определител по УДК | 539 |
| УДК определител | (075.8) |
| УДК - код + определител | 539(075.8) |
| 100 1# - Редна дума - Автор | |
| Автор | Христов, Васил Йосифов |
| Авторска отговорност | първи автор |
| R(LIN) | 270521 |
| 139 ## - Редно поле | |
| Редна дума | Христов, Васил Йосифов и др. |
| 245 10 - Сведения за заглавието | |
| Заглавие | Основи на неутронната физика и физика на ядрените реактори |
| Подзаглавни данни | Учебник за студентите от СУ Климент Охридски |
| Редно поле (дума) | Васил Христов, Тихомир Апостолов. |
| 257 ## - Страна на издаване | |
| Страна на създаване/издаване | България |
| 260 ## - Област на издателските данни | |
| Място на издаване, разпространение и проч. | София |
| Име на издателя, разпространителя и проч. | Наука и изкуство |
| Година на издаване | 1974 |
| 300 ## - Физическа характеристика | |
| Страници | 502 с. |
| Размери/Мащаб | 23 см |
| 380 ## - Жанр | |
| Жанр | Естествени науки. Математика |
| 650 #4 - Допълнително описание по предмет – тема | |
| Основно описание – тема или топоним | Физика, атомна |
| 9 (RLIN) | 270523 |
| 653 #7 - Ключова дума – ненормативна | |
| 9 (RLIN) | 192135 |
| Ключова дума | неутрони |
| 653 #0 - Ключова дума – ненормативна | |
| 9 (RLIN) | 449319 |
| Ключова дума | ядрени реактори |
| 700 1# - Други автори (авторска отговорност) | |
| Лично име | Апостолов, Тихомир Голубинов |
| Автороска отговорност (Описва отношението между автора и произведението) | съавт. |
| 9 (RLIN) | 270522 |
| 852 ## - Местоположение | |
| Форматна сигнатура | Цб 71862 |
| Фондова буква | Хранилище |
| 999 ## - СИСТЕМНИ КОНТРОЛНИ НОМЕРА | |
| Koha biblionumber | 59366 |
| Koha biblioitemnumber | 59366 |
| 942 ## - АРТИКУЛИ | |
| Вид на библиотечния материал | Книги |
| Скрит в OPAC | Не |
| Koha issues (borrowed), all copies | 2 |
| Периодичен библиозапис | Да |
| 944 ## - СЪЗДАВАНЕ И РЕДАКЦИЯ на ЗАПИСА | |
| Създаване/Редакция | Създаване |
| Дата на регистрацията/редакция | 13.06.2004 |
| Служител, извършил регистрацията/редакцията | Читалня |
| 944 ## - СЪЗДАВАНЕ И РЕДАКЦИЯ на ЗАПИСА | |
| Създаване/Редакция | Редакция |
| Дата на регистрацията/редакция | 2022-08-18 |
| Служител, извършил регистрацията/редакцията | СТ |
| 999 ## - СИСТЕМНИ КОНТРОЛНИ НОМЕРА | |
| Koha biblioitemnumber | 59366 |
| Код за отписване | Код за изгубен артикул | Източник на класификационната схема | Код за повреда | Коз за рестрикции | Код за отдаване | Артикулен № | Име на библиотеката - собственик | Име на библиотеката, в която се намира в момента | Статус (Текущо местоположение) | Дата на вписване в системата | Местоположение - отдел | Цена в лева | Инвентарен номер | Систематично азбучна сигнатура | Баркод | Номер на екземпляра | Цена в евро | Служебна бележка | Служебен тип на артикула |
|---|---|---|---|---|---|---|---|---|---|---|---|---|---|---|---|---|---|---|---|
| Изтеглен | Не е изгубен | Universal Decimal Classification | Не е повреден | без рестрикции | ползва се в читалня | 96927 | Регионална библиотека "Любен Каравелов" Русе | Регионална библиотека "Любен Каравелов" Русе | Читалня | 1993-01-01 | Читалня | 1.99 | 169383 | Ч 539/Х 78 | 169383 | 1 | 1.02 | Дата инв: 16.03.2017 Бележки инв: Ч2017 | Книги |
| Изтеглен | Не е изгубен | Universal Decimal Classification | Не е повреден | без рестрикции | заемане за дома | 96928 | Регионална библиотека "Любен Каравелов" Русе | Регионална библиотека "Любен Каравелов" Русе | Заемна - подръчен фонд | 1974-01-01 | Заемна - подръчен фонд | 1.99 | 169382 | П 539/Х 78 | 169382 | 2 | 1.02 | N: стар фонд Дата: 01.01.1974 Дата инв: 16.02.2018 Бележки инв: П2018 | Книги |
| Изтеглен | Не е изгубен | Universal Decimal Classification | Не е повреден | без рестрикции | заемане за дома | 96929 | Регионална библиотека "Любен Каравелов" Русе | Регионална библиотека "Любен Каравелов" Русе | Заемна - подръчен фонд | 1974-01-01 | Заемна - подръчен фонд | 1.99 | 169381 | П 539/Х 78 | 169381 | 3 | 1.02 | N: стар фонд Дата: 01.01.1974 Дата инв: 16.02.2018 Бележки инв: П2018 | Книги |
| Не е изгубен | Universal Decimal Classification | Не е повреден | без рестрикции | ползва се в читалня | 96930 | Регионална библиотека "Любен Каравелов" Русе | Регионална библиотека "Любен Каравелов" Русе | Хранилище | 1974-01-01 | Хранилище | 1.99 | 166457 | Цб 71862 | 120000166457 | 4 | 1.02 | N: стар фонд Дата: 01.01.1974 | Книги |